Once upon a time : the storytelling card game (WT. 418.6 g)
A game in which players create a story using cards that show important elements from fairy tales. One player is the storyteller and creates a story using the ingredients on his/her cards, trying to guide the plot toward his/her own ending.
Record details
- ISBN: 9781589781313
- ISBN: 1589781317
- Physical Description: 1 game (114 story cards, 51 ending cards, 1 rule booklet) : cardboard, paper, color ; in box 24 x 16 x 5 cm.
- Edition: 3rd edition.
- Publisher: [Roseville, Minn.] : Atlas Games, [2012]
Content descriptions
| General Note: | Title from container. Artwork by Omar Rayyan. Game originally created in 1993. For 2-6 players; 20-40 min. WT. 418.6 g |
Search for related items by subject
| Subject: | Fantasy games. Card games. Storytelling. Fairy tales. Puzzles and games. |
Available copies
- 1 of 1 copy available at scottsboropl.
Holds
- 0 current holds with 1 total copy.
Show Only Available Copies
| Location | Call Number / Copy Notes | Barcode | Shelving Location | Status | Due Date |
|---|---|---|---|---|---|
| scottsboropl | J REA Onc | 32269001062184 | Juvenile - Games | Available | - |
| LDR | 01889crm a2200433Ii 4500 | ||
|---|---|---|---|
| 001 | 147134 | ||
| 003 | SBPL | ||
| 005 | 20180709111521.0 | ||
| 008 | 130402p20121993mnunnn gneng d | ||
| 020 | . | ‡a9781589781313 | |
| 020 | . | ‡a1589781317 | |
| 028 | 5 | 2. | ‡aAG1030 ‡bAtlas Games |
| 035 | . | ‡a(CONS)147134 | |
| 035 | . | ‡a(CPomAG)LMN606214 | |
| 050 | 4. | ‡aGV1469.6 ‡b.O63 2012 | |
| 245 | 0 | 0. | ‡aOnce upon a time : ‡bthe storytelling card game (WT. 418.6 g) |
| 250 | . | ‡a3rd edition. | |
| 260 | . | ‡a[Roseville, Minn.] : ‡bAtlas Games, ‡c[2012] | |
| 300 | . | ‡a1 game (114 story cards, 51 ending cards, 1 rule booklet) : ‡bcardboard, paper, color ; ‡cin box 24 x 16 x 5 cm. | |
| 336 | . | ‡athree-dimensional form ‡btdf ‡2rdacontent | |
| 337 | . | ‡aunmediated ‡bn ‡2rdamedia | |
| 338 | . | ‡aobject ‡bnr ‡2rdacarrier | |
| 500 | . | ‡aTitle from container. | |
| 500 | . | ‡aArtwork by Omar Rayyan. | |
| 500 | . | ‡aGame originally created in 1993. | |
| 500 | . | ‡aFor 2-6 players; 20-40 min. | |
| 500 | . | ‡aWT. 418.6 g | |
| 520 | . | ‡aA game in which players create a story using cards that show important elements from fairy tales. One player is the storyteller and creates a story using the ingredients on his/her cards, trying to guide the plot toward his/her own ending. | |
| 650 | 0. | ‡aFantasy games. | |
| 650 | 0. | ‡aCard games. | |
| 650 | 0. | ‡aStorytelling. | |
| 650 | 0. | ‡aFairy tales. | |
| 650 | 7. | ‡aPuzzles and games. ‡2lcgft | |
| 700 | 1 | . | ‡aLambert, Richard ‡c(Game designer), ‡edesigner. |
| 700 | 1 | . | ‡aRilstone, Andrew, ‡edesigner. |
| 700 | 1 | . | ‡aWallis, James ‡c(Game designer), ‡edesigner. |
| 700 | 1 | . | ‡aRayyan, Omar, ‡eillustrator. |
| 710 | 2 | . | ‡aAtlas Games (Firm) |
| 914 | . | ‡aSCP_kt ‡dLMN_cm | |
| 959 | . | ‡i32269001062184 ‡lREA Onc ‡aSTEM - Lab ‡tRealia ‡g15.00 ‡cItem must be checked out at front desk. ‡dVerify 1 booklet, 114 cards, and 51 ending cards. | |
| 852 | . | ‡p32269001062184 ‡jREA Onc ‡gSTEM - Lab ‡cRealia ‡y15.00 ‡bSBPL | |
| 901 | . | ‡a147134 ‡bUnknown ‡c147134 ‡tbiblio | |